A level playing field (Record no. 75796)
[ view plain ]
| 000 -LEADER | |
|---|---|
| fixed length control field | 01494cab a2200205 4500 |
| 001 - CONTROL NUMBER | |
| control field | L130800 |
| 008 - FIXED-LENGTH DATA ELEMENTS--GENERAL INFORMATION | |
| fixed length control field | 050831n2005 000 0 eng u |
| 035 ## - SYSTEM CONTROL NUMBER | |
| System control number | (Sirsi) u130800 |
| 041 0# - LANGUAGE CODE | |
| Language code of text/sound track or separate title | eng |
| 100 ## - MAIN ENTRY--PERSONAL NAME | |
| Personal name | Rutter, Matthew |
| 245 #2 - TITLE STATEMENT | |
| Title | A level playing field |
| 260 ## - PUBLICATION, DISTRIBUTION, ETC. | |
| Date of publication, distribution, etc. | 2005 |
| 490 ## - SERIES STATEMENT | |
| Series statement | Estates Gazette |
| Volume/sequential designation | (0534) 27 August 2005, 107(1) |
| 520 ## - SUMMARY, ETC. | |
| Summary, etc. | Examines the Regulation of Financial Services (Land Transactions) Bill that is currently going through parliament. Its aim is to align the regulation of equity release and Islamic mortgage schemes with other products that have been regulated since 31 October 2004: home reversion schemes will be regulated by the Financial Services Authority (FSA) in line with other equity release products, a level paying field will be created for the regulation of Islamic mortgages and private sector tenure schemes will come under FSA regulation. The bill will offer the often vulnerable buyers of equity release schemes the same level of protection whether they opt for a mortgage-based scheme or home reversion. |
| 590 ## - LOCAL NOTE (RLIN) | |
| Local note | IKA130905 |
| 650 ## - SUBJECT ADDED ENTRY--TOPICAL TERM | |
| Topical term or geographic name entry element | REGULATION OF FINANCIAL SERVICES (LAND TRANSACTIONS) ACT 2005 |
| 690 ## - LOCAL SUBJECT ADDED ENTRY--TOPICAL TERM (OCLC, RLIN) | |
| Topical term or geographic name as entry element | PROPERTY-RESIDENTIAL PROPERTY-RESIDENTIAL PROPERTY FINANCE AND INVESTMENT-MORTGAGING RESIDENTIAL PROPERTY |
| 856 ## - ELECTRONIC LOCATION AND ACCESS | |
| Uniform Resource Identifier | <a href="https://www.publications.parliament.uk/pa/ld200506/ldbills/019/2006019.htm">https://www.publications.parliament.uk/pa/ld200506/ldbills/019/2006019.htm</a> |
| Public note | View the Regulation of Financial Services (Land Transactions) Bill free of charge at www.parliament.uk... |
| 942 ## - ADDED ENTRY ELEMENTS (KOHA) | |
| Suppress in OPAC | 0 |
| Withdrawn status | Lost status | Source of classification or shelving scheme | Damaged status | Not for loan | Home library | Current library | Shelving location | Date acquired | Total Checkouts | Full call number | Barcode | Date last seen | Copy number | Price effective from | Koha item type |
|---|---|---|---|---|---|---|---|---|---|---|---|---|---|---|---|
| Dewey Decimal Classification | London | London | Journal article | 31/08/2005 | L130800 | 130800-1001 | 06/08/2019 | 1 | 06/08/2019 | Journal article |